| 000 | 00632nam a2200193Ia 4500 | ||
|---|---|---|---|
| 008 | 151119s9999||||xx |||||||||||||| ||und|| | ||
| 082 | _a790.3 | ||
| 082 | _bGKKV5506 | ||
| 100 | _aनाडकर्णी सुरेशचंद्र | ||
| 245 | _aक्रीडा ज्ञानकोश | ||
| 260 | _a-- | ||
| 260 | _b-- | ||
| 260 | _c0 | ||
| 600 | _aनाडकर्णी सुरेशचंद्र | ||
| 630 | _aक्रीडा ज्ञानकोश | ||
| 700 | _aनाडकर्णी सुरेशचंद्र | ||
| 730 | _aक्रीडा ज्ञानकोश | ||
| 942 | _cBOOK | ||
| 999 |
_c1060538 _d1060535 |
||